[Event "FRA-ch Seniors"]
[Site "Nancy"]
[Date "2013.08.14"]
[Round "3"]
[White "Diaferia, Joseph"]
[Black "Marbot, Raymond"]
[Result "0-1"]
[WhiteElo "1612"]
[BlackElo "1823"]
[PlyCount "68"]
[EventDate "2013.08.11"]
[EventType "swiss"]
[EventRounds "11"]
[EventCountry "FRA"]
[SourceTitle "CBM 156 Extra"]
[Source "ChessBase"]
[SourceDate "2013.10.22"]
[SourceVersion "1"]
[SourceVersionDate "2013.10.22"]
[SourceQuality "1"]

1. e4 e6 2. d4 d5 3. Nd2 Nf6 4. exd5 exd5 5. Ngf3 Bd6 6. Bd3 0-0 7. 0-0 Bg4 8. h3 Bh5 9. c3 Nbd7 10. Re1 c6 11. Nf1 Qc7 12. Bg5 Rae8 13. g4 Bg6 14. Ne3 Bxd3 15. Qxd3 h6 16. Bxf6 Nxf6 17. Nf5 Bf4 18. Kg2 g6 19. Ne3 Re6 20. c4 Rfe8 21. cxd5 cxd5 22. g5 hxg5 23. Qb5 Bxe3 24. fxe3 Rxe3 25. Rf1 g4 26. Ne5 Qc2+ 27. Rf2 gxh3+ 28. Kf1 h2 29. Kg2 Qe4+ 30. Nf3 Qg4+ 31. Kxh2 Rxf3 32. Rxf3 Qxf3 33. Qf1 Re2+ 34. Kg1 Qg3+ 0-1

[Event "FRA-ch Seniors"]
[Site "Aix les Bains"]
[Date "2007.08.14"]
[Round "1"]
[White "Diaferia, Joseph"]
[Black "Andrieu, Philippe"]
[Result "1/2-1/2"]
[WhiteElo "1790"]
[BlackElo "2028"]
[PlyCount "146"]
[EventDate "2007.08.13"]
[EventType "swiss"]
[EventRounds "11"]
[EventCountry "FRA"]
[SourceTitle "CBM 120 Extra"]
[Source "ChessBase"]
[SourceDate "2007.11.01"]
[SourceVersion "1"]
[SourceVersionDate "2007.11.01"]
[SourceQuality "1"]

1. e4 d5 2. exd5 Nf6 3. Nf3 Nxd5 4. c4 Nf6 5. d4 Bg4 6. Be2 e6 7. 0-0 c6 8. Nc3 Bd6 9. Be3 0-0 10. h3 Bh5 11. a4 Nbd7 12. Qc2 Re8 13. c5 Bc7 14. b4 Qe7 15. a5 e5 16. a6 bxa6 17. Rxa6 e4 18. Nd2 Bxe2 19. Nxe2 Nd5 20. Qb3 Nb8 21. Ra4 Qe6 22. Nc3 Nxc3 23. Qxc3 Nd7 24. Qc4 Qf6 25. d5 Ne5 26. Qxe4 cxd5 27. Qxd5 Rad8 28. Qe4 Ng6 29. Qf3 Qe5 30. g3 Bb8 31. b5 Qc7 32. Nc4 Qd7 33. Nd6 Ne5 34. Qf5 Re6 35. Rfa1 Rxd6 36. Qxd7 R6xd7 37. c6 Rd1+ 38. Kg2 Rxa1 39. Rxa1 Kf8 40. Bxa7 Bd6 41. Rc1 f6 42. c7 Rc8 43. b6 Nd7 44. Rd1 Ke7 45. Re1+ Kf7 46. Rd1 Ke6 47. Re1+ Kd5 48. Rd1+ Kc6 49. Kf3 Ne5+ 50. Ke4 Bb4 51. Rb1 Nd7 52. Rxb4 Nc5+ 53. Kf3 Kb7 54. Rc4 Nd7 55. Rb4 Ne5+ 56. Ke3 Nc6 57. Re4 Nxa7 58. bxa7 Rxc7 59. Ra4 Ka8 60. f4 Rc3+ 61. Kf2 Rc2+ 62. Kf3 Rc7 63. Kg4 Rc5 64. h4 h5+ 65. Kf3 f5 66. Rd4 Rc3+ 67. Kg2 Rc7 68. Rd5 g6 69. Rd2 Kxa7 70. Rd6 Rg7 71. Kf2 Kb7 72. Ke3 Kc7 73. Ra6 Kb7 1/2-1/2